La iglesia en el mundo de hoy
Guardat en:
| Autor principal: | |
|---|---|
| Format: | Llibre |
| Idioma: | espanyol |
| Publicat: |
Salamanca
Sígueme
1965
|
| Col·lecció: | Colección Hinnení, 38
|
| Matèries: | |
| Etiquetes: |
Afegir etiqueta
Sense etiquetes, Sigues el primer a etiquetar aquest registre!
|
MARC
| LEADER | 00000nam a2200000 a 4500 | ||
|---|---|---|---|
| 001 | UCL4129 | ||
| 003 | CL-VaPUC | ||
| 008 | 031231e19650000SP |||||||||||||||||spa|d | ||
| 082 | 0 | 4 | |a 248.25 |b ENR |2 21 |
| 100 | 0 | |a Enrique Tarancón, Vicente |e author |9 481670 | |
| 245 | 1 | 3 | |a La iglesia en el mundo de hoy |
| 300 | |a 297 p | ||
| 942 | |c BK | ||
| 945 | |d 20031231 00:00:00 |a rbrito | ||
| 260 | |a Salamanca |b Sígueme |c 1965 | ||
| 650 | 0 | |a Teología pastoral |9 257832 | |
| 650 | 0 | |a Iglesia Católica |9 256114 | |
| 650 | 0 | |a Filosofía de la religión |9 256017 | |
| 583 | |a last modification |c 20031231 00:00:00 |k Rodrigo Vera | ||
| 490 | 0 | |a Colección Hinnení, 38 | |
| 999 | |c 307072 |d 307070 | ||
| 952 | |0 0 |1 0 |4 0 |6 248_250000000000000_ENR_1965 |7 0 |8 A |9 372556 |a BIBTEO |b BIBTEO |d 2019-11-21 |i 2086360 |o 248.25 ENR 1965 |p 2086360 |r 2025-01-17 |w 2019-11-21 |y BK |k ICR | ||
| 952 | |0 0 |1 0 |4 0 |6 248_250000000000000_ENR_1965 |7 0 |8 A |9 372557 |a BIBTEO |b BIBTEO |d 2019-11-21 |i 4244877 |o 248.25 ENR 1965 |p 4244877 |r 2025-01-17 |w 2019-11-21 |y BK |k ICR | ||